The noble scholar, jurist, historian


 His Excellency Dr. Abdul Wahhab bin Ibrahim Abu Sulaiman, may Allah have mercy on him.


 He was born in Umm Al-Qura in the year 1356 AH.

القسم في اللغة وفي القرآن / (Record no. 10091)

MARC details
000 -LEADER
fixed length control field 02353cam a2200349 i 4500
003 - CONTROL NUMBER IDENTIFIER
control field SA-RiAUC
005 - DATE AND TIME OF LATEST TRANSACTION
control field 20250720042623.0
008 - FIXED-LENGTH DATA ELEMENTS--GENERAL INFORMATION
fixed length control field 250719t1999 le g b 001 0 ara c
024 0# - OTHER STANDARD IDENTIFIER
Standard number or code 00000000989710
040 ## - CATALOGING SOURCE
Original cataloging agency SA-JeALM
Language of cataloging ara
Transcribing agency SA-RiAUC
Modifying agency ِAE-DuMBRL
Description conventions rda
082 04 - DEWEY DECIMAL CLASSIFICATION NUMBER
Classification number 253.7
Assigning agency SA-RiAUC
090 ## - LOCALLY ASSIGNED LC-TYPE CALL NUMBER (OCLC); LOCAL CALL NUMBER (RLIN)
Classification number (OCLC) (R) ; Classification number, CALL (RLIN) (NR) 253.7
Local cutter number (OCLC) ; Book number/undivided call number, CALL (RLIN) س ل ا
100 1# - MAIN ENTRY--PERSONAL NAME
Personal name السلامي، محمد المختار،
Dates associated with a name 1925-
Relator term مؤلف.
245 12 - TITLE STATEMENT
Title القسم في اللغة وفي القرآن /
Statement of responsibility, etc. محمد المختار السلامي.
250 ## - EDITION STATEMENT
Edition statement الطبعة الأولى.
264 #1 - PRODUCTION, PUBLICATION, DISTRIBUTION, MANUFACTURE, AND COPYRIGHT NOTICE
Place of production, publication, distribution, manufacture بيروت :
Name of producer, publisher, distributor, manufacturer دار الغرب الإسلامي،
Date of production, publication, distribution, manufacture, or copyright notice [1999].
300 ## - PHYSICAL DESCRIPTION
Extent 460 صفحة ؛
Dimensions 24 × 17 سم
336 ## - CONTENT TYPE
Content type term نص
Content type code txt
Source rdacontent
Materials specified كتاب
337 ## - MEDIA TYPE
Media type term بدون وسيط
Media type code n
Source rdamedia
338 ## - CARRIER TYPE
Carrier type term مجلد
Carrier type code nc
Source rdacarrier
500 ## - GENERAL NOTE
General note توجد ملاحظات من الشيخ في داخل الكتاب.
500 ## - GENERAL NOTE
General note إهداء من المؤلف محمد المختار السلامي بتاريخ 1421/1/13 هـ
504 ## - BIBLIOGRAPHY, ETC. NOTE
Bibliography, etc. note ببليوجرافية : صفحة 441-450.
505 0# - FORMATTED CONTENTS NOTE
Formatted contents note المحتويات:-بين يدي الكتاب-تمهيد-الباب الأول: القسم اللغوي، الفصل الأول: للقسم والحلف واليمين، الفصل الثاني: الجملة القسمية-الباب الثاني: القسم في القرآن، الفصل الأول: أنواع القسم في القرآن، الفصل الثاني: الأقسام الإلهية-الباب الثالث: أحكام اليمين وآدابها، الفصل الأول: آيات الأحكام، الفصل الثاني: الإقدام على اليمين-الباب الرابع: اليمين في الأسرة، الفصل الأول: الإيلاء، الفصل الثاني: اللعان-الباب الخامس: اليمين كوسيلة لإثبات الحقوق، الفصل الأول: نظرة عامة ومدخل إلى آية المائدة،... وموضوعات أخرى.
563 ## - BINDING INFORMATION
Binding note تجليد فني شمواه.
630 27 - SUBJECT ADDED ENTRY--UNIFORM TITLE
Uniform title القرآن
General subdivision القسم فيه
Source of heading or term aucut
630 27 - SUBJECT ADDED ENTRY--UNIFORM TITLE
Uniform title القرآن
General subdivision أقسام
Source of heading or term aucut
730 22 - ADDED ENTRY--UNIFORM TITLE
Uniform title القرآن
942 ## - ADDED ENTRY ELEMENTS (KOHA)
Source of classification or shelving scheme Dewey Decimal Classification
Koha item type Books
Suppress in OPAC No
949 ## - LOCAL PROCESSING INFORMATION (OCLC)
a SA-JeALM
d 250719
u mohamedma123
n 1
Holdings
Withdrawn status Lost status Source of classification or shelving scheme Damaged status Not for loan Collection Home library Current library Date acquired Total checkouts Full call number Barcode Date last seen Price effective from Koha item type
    Dewey Decimal Classification     اهداء وملاحظات DR AbdElwahab Library DR AbdElwahab Library 07/20/2025   253.7 س ل ا 000016326 07/20/2025 07/20/2025 Books